Algebraic groups, Utrecht 1986 : proceedings of a symposium in honour of T.A. Springer
Αποθηκεύτηκε σε:
| Άλλοι συγγραφείς: | |
|---|---|
| Μορφή: | Βιβλίο |
| Γλώσσα: | English |
| Δημοσίευση: |
Berlin :
Springer-Verlag,
c1987
|
| Σειρά: | Lecture notes in mathematics (Springer-Verlag)
; 1271 |
| Θέματα: | |
| Ετικέτες: |
Προσθήκη ετικέτας
Δεν υπάρχουν, Καταχωρήστε ετικέτα πρώτοι!
|
MARC
| LEADER | 00000cam a2200000 i 4500 | ||
|---|---|---|---|
| 001 | 1/27314 | ||
| 008 | 941103s1987 eng d | ||
| 020 | |a 3-540-18234-9 | ||
| 035 | |a 1993 |l 10037795 | ||
| 040 | |a GR-MY-UA |b gre |e aacr | ||
| 041 | 0 | |a eng | |
| 082 | 0 | |a 512.5 | |
| 245 | 1 | 0 | |a Algebraic groups, Utrecht 1986 : |b proceedings of a symposium in honour of T.A. Springer / |c A.M. Cohen ... [et al.], (eds.). |
| 260 | |a Berlin : |b Springer-Verlag, |c c1987 | ||
| 300 | |a iv, 284 p.; |c 25 cm. | ||
| 490 | 1 | |a Lecture notes in mathematics (Springer-Verlag) |v ; 1271 | |
| 500 | |a Includes bibliographical references | ||
| 600 | 1 | 0 | |a Springer, T. A. |q (Tonny Albert), |d 1926-2011 |x Congresses. |
| 650 | 0 | 0 | |a Linear algebraic groups |x Congresses. |
| 650 | 0 | 0 | |a Lie algebras |x Congresses. |
| 700 | 1 | |a Cohen, Arjeh M. |e edt | |
| 830 | 0 | |a Lecture notes in mathematics (Springer-Verlag) |v ; 1271 | |
| 852 | |a INST |b SAMOS |e 19941103 |h 512.5 ALG |p 005300007751 |q 005300007751 |t BK |y 0 | ||
| 909 | |a Σ |b 029138 | ||